| 000 | 00599cam a2200205 a 4500 | ||
|---|---|---|---|
| 001 | 000009678 | ||
| 005 | 20200929161652.0 | ||
| 008 | 761105s1979 cr 001 0 spa | ||
| 040 |
_aDO-SdBNP _dBNOHU |
||
| 050 | 0 | 0 |
_aPQ7489.C33 _bA19 1976 |
| 082 |
_ann* _bC111s, 1979 |
||
| 100 | 1 |
_aCañas, Alberto F. _924579 |
|
| 245 | 1 | 3 |
_aLa segua y otras piezas / _cAlberto Cañas. |
| 250 | _a4a ed. | ||
| 260 |
_aSan José, Costa Rica : _bUniversitaria Centroamericana, _c1979. |
||
| 300 |
_a227 p. ; _c17 cm. |
||
| 490 | 1 | _aSeptimo Día | |
| 830 | 0 |
_aSeptimo Día _924182 |
|
| 910 | _aCatalogación derivada | ||
| 999 |
_c9438 _d9438 |
||